Mannschaften gegen die Martin Harnik getroffen hat - Statistiken

Allgemein
  • Dieses Quiz wurde 31 mal gespielt
  • Das Durchschnittsergebnis liegt bei 28 aus 50
Antwortstatistiken
Tore Manschaft % Korrekt
5 Bayer Leverkusen
100%
2 Borussia Dortmund
100%
2 Hannover 96
100%
4 Hamburger SV
93%
5 Werder Bremen
93%
1 1.FC Köln
90%
2 VfB Stuttgart
86%
5 Hertha BSC
83%
2 1.FC Nürnberg
79%
5 Bayern München
79%
1 Dynamo Dresden
79%
3 Fortuna Düsseldorf
79%
2 Hansa Rostock
79%
10 SC Freiburg
79%
7 Schalke 04
79%
3 TSG Hoffenheim
79%
3 Braunschweig
76%
3 FSV Mainz 05
76%
2 Greuther Fürth
76%
1 Karlsruher SC
76%
1 Alemania Aachen
72%
3 FC Augsburg
72%
2 VfL Wolfsburg
72%
3 M'Gladbach
69%
2 VfL Bochum
69%
2 Arminia Bielefeld
62%
1 Energie Cottbus
62%
2 1860 München
59%
1 VfL Osnabrück
59%
1 MSV Duisburg
55%
1 SC Paderborn
55%
3 1.FC Heidenheim
52%
1 Würzburger Kickers
45%
1 Carl Zeiss Jena
41%
6 Eintracht Frankfurt
41%
1 FSV Frankfurt
41%
1 RW Oberhausen
41%
3 Erzgebrige Aue
38%
3 Chemnitzer FC
34%
1 Kickers Offenbach
34%
1 Rot Weiss Ahlen
21%
2 Bonner SC
14%
2 Weiche Flensburg
10%
1 FC Kopenhagen
7%
1 FCSB Bukarest
7%
1 Benfica
3%
1 Odense BK
3%
1 Molde FK
0%
1 Slovan Bratislava
0%
1 SV Falkensee/Finkenkrug
0%
Keine übereinstimmenden Quizze gefunden
Verteilung der Resultate
Anzahl Personen mit jedem Resultat
Perzentil nach korrekt beantworteten Fragen
Ihre Resultats-Entwicklung
Sie haben dieses Quiz noch nicht gespielt